[Event "Nairobi op"]
[Site "Nairobi"]
[Date "2023.04.06"]
[Round "1"]
[White "Andiwoh, Moses"]
[Black "Mitei, Cosmas"]
[Result "1-0"]
[WhiteElo "1731"]
[BlackElo "1383"]
[PlyCount "120"]
[EventDate "2023.04.06"]
[EventType "swiss"]
[EventRounds "9"]
[EventCountry "KEN"]
[SourceTitle "EXT 2024"]
[Source "ChessBase"]
[SourceDate "2023.10.10"]
[SourceVersion "1"]
[SourceVersionDate "2023.10.10"]
[SourceQuality "1"]

1. d4 Nf6 2. Bf4 e6 3. e3 d5 4. Bd3 Be7 5. Nf3 Nbd7 6. 0-0 Nf8 7. Nbd2 Ng6 8. Ne5 0-0 9. h3 a6 10. Bh2 Bd7 11. f4 c5 12. c3 Qb6 13. Rb1 Bb5 14. Qe2 Bxd3 15. Qxd3 Rac8 16. g4 Qd8 17. Rf2 Nd7 18. Rbf1 Ndxe5 19. fxe5 Bh4 20. Rf3 Qb6 21. Qb1 Bg5 22. Nb3 cxd4 23. exd4 Nh4 24. Rd3 Ng6 25. Nc5 Qc6 26. Bg3 a5 27. Rdf3 b6 28. Nd3 b5 29. a3 Qb6 30. Nc5 Rc7 31. Qc2 b4 32. axb4 axb4 33. Qf2 Ra7 34. cxb4 Bd8 35. h4 Qc6 36. h5 Nh8 37. Bh4 Bb6 38. g5 Bxc5 39. bxc5 g6 40. h6 Qb7 41. Qc2 Ra2 42. Rb3 Qa6 43. Rb6 Qa7 44. Qf2 f5 45. exf6 Qd7 46. Qe2 Re8 47. Qb5 Qxb5 48. Rxb5 Ra4 49. b4 Nf7 50. Re1 Nd8 51. Bg3 Nc6 52. Be5 Rxb4 53. Rxb4 Nxb4 54. Rb1 Nc6 55. Rb7 Nxe5 56. dxe5 Rc8 57. Rg7+ Kh8 58. Re7 Kg8 59. Rg7+ Kf8 60. Rxh7 Rxc5 1-0